| 000 | 01352pab a2200169 454500 | ||
|---|---|---|---|
| 008 | 180718b1997 xxu||||| |||| 00| 0 eng d | ||
| 100 | _aHubbard, Ruth | ||
| 245 | _aPeople: hearts and minds: towards rebirth of the public service ethic | ||
| 260 | _c1997 | ||
| 300 | _ap.109-14 | ||
| 362 | _aFeb | ||
| 520 | _aNo country will escape the enormous forces that are now buffeting the public sector worldwide. The massive changes underway are affecting people - public servants and citizens alike - and not just bottom lines. Standrad approaches to dealing with change may unwittingly overlook the fact that Public Services are first and foremost "people systems". The article provides a timely reminder that players in public organizations - senior officials, midle managers and front-line workers - experience change differently given their distinct perspectives and levels of authority. While responses to change may vary considerably within organizations, a common humanity is what ultimately unites people. As a result, governments that choose to ignore rather than acknowledge the human side of change may experience needless difficulty in bringing about the successful renewal of the public sector. - Reproduced | ||
| 650 | _aCivil service ethics | ||
| 650 | _aCivil service | ||
| 773 | _aPublic Administration and Development | ||
| 909 | _a33795 | ||
| 999 |
_c33795 _d33795 |
||